01009na a2200277 450000100060000000300080000600500170001400800410003102000180007203500100009004000250010004100080012508200220013309000210015511000700017624501580024626000460040430000190045049000490046965000360051865000270055470000190058194200130060095201030061399900150071613269MIRAKIL20181213155110.0161012b tu 000 0  a9789944234863 a13269 aMilasbturcTR-AnCHP atur a347.052bT96 2009 a347.052 T96 2009 aTürkiye Barolar Birliği Kadın Hukuku Komisyonu (TÜBAKKOM)  aTürkiye Barolar Birliği. Kadın Hukuku Komisyonu (TÜBAKKOM) VII. kitapb9. dönem (2 Mayıs 2007-5 Mayıs 2009)cyayına hazırlayan Harika Levent aAnkarabTürkiye Barolar Birliğic2009 a312 s.c23 sm. aTürkiye Barolar Birliği yayınlarıv158 aKadınlarxYasal düzenlemeler aHukukxKadın hakları aLevent, Harika 2ddccBKS a0001b0001d2016-08-11e2l0o347.052 T96 2009p000866r2016-08-11 00:00:00v0.00w2016-08-11yBKS c6543d6543